30 biggest European cities by letter (with a map) -X - Statistics

General Stats
  • This quiz has been taken 202 times
  • The average score is 3 of 30
Answers on the Map
Answers color-coded by a green-red scale on the quiz's map according to % correct below.
 
Answer Stats
Answer Population % Correct
Xánthi 56 151
75%
Xanten 21 607
45%
Xàtiva 29 045
20%
Xert 725
11%
Xirivella 30 002
11%
Xàbia 27 224
10%
Xeresa 2 145
8%
Xeraco 5 702
7%
Xertigny 2 598
7%
Xylokastro 5 715
7%
Xaló 2 683
6%
Xinzo de Limia 9 836
6%
Xonrupt-Longemer 1 522
6%
Xove 3 602
6%
Xagħra 4 886
4%
Xermade 1 783
4%
Xgħajra 1 830
4%
Xiropótamos 2 574
4%
Xunqueira de Ambía 1 418
4%
Xunqueira de Espadanedo 741
4%
Xanton-Chassenon 731
3%
Xermaménil 561
3%
Xeuilley 961
3%
Xewkija 3 300
3%
Xirocourt 398
3%
Xechasmeni 766
2%
Xylagani 1 392
2%
Xylopoli 855
2%
Xifiani 739
1%
Xiroxhori 647
1%
No matching quizzes found
Score Distribution
Percent of People with Each Score
Percentile by Number Answered
Your Score History
You have not taken this quiz